Leader xxxxxxxxxx
001 __ PCLIS00040821
005 __ 20090825170648.0
008 __ chi
010 0_ |a978-986-133-280-2|b平裝|dNT$250
042 __ |anbic
042 __ |anbic
042 __ |anbic
042 __ |anbic
100 __ |a20090212d2009 k y0chiy09 e
101 0_ |achi
102 __ |atw
105 __ |aa z 000yy
200 1_ |a海角,天涯,台灣|e心境旅行,詩情散步|f李敏勇著
205 __ |a初版
210 __ |a臺北市|c圓神|d2009.04
215 0_ |a189面|c圖|d21公分
225 2_ |a圓神文叢|v80
260 1_ |a2009
300 __ |a
517 1_ |a海角,天涯,臺灣
606 __ |2csh|a中國散文
681 __ |a856.9|b4081|v增訂八版
700 _1 |a李|b敏勇|f1947-|4著
702 __ |a|b|4
801 _0 |atw|bCIP|c20090205|gCCR
801 _2 |aTW|bPTL|c20090803|gCCR
|